Organická synthesa Organikum
Saved in:
| Format: | Book |
|---|---|
| Language: | Undetermined |
| Published: |
Praha
Academia
1971
|
| Online Access: | View in OPAC |
| Tags: |
No Tags, Be the first to tag this record!
|
MARC
| LEADER | 00000nam a2200000 a 4500 | ||
|---|---|---|---|
| 001 | vtls001263100 | ||
| 003 | VRT | ||
| 005 | 20260127134422.0 | ||
| 008 | 961009s1971 xx 0 und c | ||
| 035 | |a SNK000213999 | ||
| 040 | |a SNK |b slo |c BrSCK |e AACR2 | ||
| 245 | 1 | |a Organická synthesa |b Organikum | |
| 260 | |a Praha |b Academia |c 1971 | ||
| 300 | |a 734 s. | ||
| 942 | |2 udc |c 12 | ||
| 949 | |6 17A0012966 |9 P60, <04>, [BOOK], {604} |a snkIC 50514 D1 |s 6102:20130920 | ||
| 949 | |6 17A0315200 |9 P60, <04>, [BOOK], {604} |a snkIC 50514 | ||
| 999 | |c 12342 |d 12342 | ||